Malaysia higher education : a concise guide.
| Format: | Book |
|---|---|
| Published: |
Petaling Jaya:
Impact Communications,
1997.
|
| Subjects: |
| LEADER | 00501cam a2200169 7i4500 | ||
|---|---|---|---|
| 001 | 0000006626 | ||
| 005 | 19991025090000.0 | ||
| 002 | ##000008328 | ||
| 020 | 0 | 0 | |a 983-99216-0-6 |
| 090 | 0 | 0 | |a M 378 |b MAL |
| 245 | 0 | 0 | |a Malaysia higher education : |b a concise guide. |
| 260 | 0 | 0 | |a Petaling Jaya: |b Impact Communications, |c 1997. |
| 300 | 0 | 0 | |a 432 p.. |
| 650 | 0 | 0 | |a Higher education -- |z Malaysia |
| 650 | 0 | 0 | |a Education -- |z Malaysia |
| 651 | 0 | 0 | |a Malaysia |
| 999 | |a 0000009668 |b Book |c Open shelf |e Business Information Centre | ||


